[Event "Biel Rapid op 58th"]
[Site "Biel"]
[Date "2025.07.13"]
[Round "5"]
[White "Letac, Loig"]
[Black "Thorens, Johan"]
[Result "0-1"]
[WhiteElo "1819"]
[BlackElo "1657"]
[PlyCount "46"]
[EventDate "2025.07.13"]
[EventType "swiss (rapid)"]
[EventRounds "9"]
[EventCountry "SUI"]
[SourceTitle "CB29_2025"]
[SourceDate "2025.07.16"]
[SourceVersion "1"]
[SourceVersionDate "2025.07.16"]
[SourceQuality "1"]

1. e4 e5 2. Nf3 Nf6 3. Nc3 Nc6 4. Bc4 Nxe4 5. Bxf7+ Kxf7 6. Nxe4 d5 7. Neg5+ Kg8 8. d3 Be7 9. h4 h6 10. Nh3 Bg4 11. Nhg1 Kh7 12. Qe2 Qd7 13. Nxe5 Nxe5 14. Qxe5 Bb4+ 15. Kf1 Rhe8 16. Qxe8 Rxe8 17. Bf4 Qe6 18. g3 Bd6 19. Bd2 Qf5 20. Kg2 Bc5 21. Rf1 Be2 22. Nxe2 Rxe2 23. Bf4 Rxc2 0-1

[Event "Biel Rapid op 58th"]
[Site "Biel"]
[Date "2025.07.13"]
[Round "6"]
[White "Thorens, Johan"]
[Black "Sauvin, Jacques"]
[Result "1/2-1/2"]
[WhiteElo "1657"]
[BlackElo "2174"]
[PlyCount "110"]
[EventDate "2025.07.13"]
[EventType "swiss (rapid)"]
[EventRounds "9"]
[EventCountry "SUI"]
[SourceTitle "CB29_2025"]
[SourceDate "2025.07.16"]
[SourceVersion "1"]
[SourceVersionDate "2025.07.16"]
[SourceQuality "1"]

1. c4 e6 2. Nc3 d5 3. d4 Nf6 4. Nf3 c6 5. c5 b6 6. cxb6 axb6 7. Bf4 Nbd7 8. e3 Be7 9. Bd3 0-0 10. 0-0 Ba6 11. Bxa6 Rxa6 12. Qd3 Ra8 13. Rfc1 Nh5 14. Ne2 Nxf4 15. Nxf4 c5 16. b3 g6 17. Ne2 Bf6 18. a4 Be7 19. Rc2 Bd6 20. Nc3 Nf6 21. Nb5 Rc8 22. Na7 Ra8 23. Nb5 Qd7 24. Nxd6 Qxd6 25. dxc5 bxc5 26. a5 Rfb8 27. Nd2 Nd7 28. Ne4 Qe5 29. Rd1 Qxe4 30. Qxe4 dxe4 31. Rxd7 Rxa5 32. h3 Rxb3 33. Rc7 Kg7 34. R7xc5 Rxc5 35. Rxc5 Rb7 36. Kh2 f5 37. Kg3 Kf6 38. h4 h6 39. Rc8 g5 40. h5 Kf7 41. Rh8 Kg7 42. Re8 Rb6 43. Re7+ Kf6 44. Rh7 Ke5 45. Rxh6 Rb2 46. f4+ exf3 47. gxf3 f4+ 48. exf4+ gxf4+ 49. Kg4 Rg2+ 50. Kh3 Rg1 51. Rg6 Rh1+ 52. Kg4 Rg1+ 53. Kh3 Rh1+ 54. Kg4 Rg1+ 55. Kh3 Rh1+ 1/2-1/2